| 000 | 00348nam a22001457a 4500 | ||
|---|---|---|---|
| 003 | OSt | ||
| 005 | 20230610105554.0 | ||
| 008 | 230610b |||||||| |||| 00| 0 eng d | ||
| 040 | _csero soft | ||
| 100 | _aBiswal pardeep kumar | ||
| 245 | _aTheory of Sports And Games | ||
| 260 |
_aNew Delhi _bSport Publication |
||
| 300 | _a327 | ||
| 942 |
_2ddc _c01 |
||
| 999 |
_c56746 _d56746 |
||